00385 a2200121 4500001001000000005001700010008004100027245007800068100001700146700001600163773006700179999001700246ART_1218620260410161904.0260409a 10aA Monte Carlo study of autoregressive integreted moving average processes1 aDent, Warren1 aMin, An-Sik0 tJournal of econometricsg- Vol. 7, NÂș 1 (feb. 1978)wREV11720 c26170d26170